Normal view MARC view

Entry Personal Name

Number of records used in: 1

001 - CONTROL NUMBER

  • control field: 1237735

003 - CONTROL NUMBER IDENTIFIER

  • control field: OSt

005 - DATE AND TIME OF LATEST TRANSACTION

  • control field: 20260430150521.0

008 - FIXED-LENGTH DATA ELEMENTS

  • fixed length control field: 260430|| aca||aabn | a|a d

040 ## - CATALOGING SOURCE

  • Original cataloging agency: OSt
  • Transcribing agency: OSt

100 ## - HEADING--PERSONAL NAME

  • Personal name: Mohammad Zahid Au.; Naimul Hasan Gu

670 ## - SOURCE DATA FOUND

  • Source citation: Work cat.: (OSt)1849974: Mohammad Zahid Au.; Naimul Hasan Gu., Mustafa Mehmood: ishamatah fi al-adab al-arbi wa al-dirasat al-Islamia (Mustafa Mahmood: his contribution to the Arabic Literature & Islamic studies), 2022
Copyright @ Delhi University Library System